Report writing for business / (Record no. 347545)
[ view plain ]
| 000 -LEADER | |
|---|---|
| fixed length control field | 00647 a2200193 4500 |
| 020 ## - INTERNATIONAL STANDARD BOOK NUMBER | |
| International Standard Book Number | 0071159525 (paperback) |
| 020 ## - INTERNATIONAL STANDARD BOOK NUMBER | |
| International Standard Book Number | 9780071159524 (paperback) |
| 090 ## - LOCALLY ASSIGNED LC-TYPE CALL NUMBER (OCLC); LOCAL CALL NUMBER (RLIN) | |
| -- | 5125 |
| -- | 5125 |
| 100 1# - MAIN ENTRY--PERSONAL NAME | |
| Personal name | Lesikar, Raymond V. |
| 245 10 - TITLE STATEMENT | |
| Title | Report writing for business / |
| Statement of responsibility, etc. | Raymond V. Lesikar, John Pettit, John D. Pettit. |
| 250 ## - EDITION STATEMENT | |
| Edition statement | Internat.10r.e. ed. |
| 260 ## - PUBLICATION, DISTRIBUTION, ETC. | |
| Place of publication, distribution, etc. | [S.l.] : |
| Name of publisher, distributor, etc. | McGraw-Hill Education (ISE Editions), |
| Date of publication, distribution, etc. | 1998. |
| 300 ## - PHYSICAL DESCRIPTION | |
| Extent | 464 p. |
| 500 ## - GENERAL NOTE | |
| General note | Import. |
| 700 1# - ADDED ENTRY--PERSONAL NAME | |
| Personal name | Pettit, John. |
| 700 1# - ADDED ENTRY--PERSONAL NAME | |
| Personal name | Pettit, John D. |
| 856 40 - ELECTRONIC LOCATION AND ACCESS | |
| Materials specified | Amazon.com |
| Uniform Resource Identifier | <a href="http://www.amazon.com/exec/obidos/ASIN/0071159525/chopaconline-20">http://www.amazon.com/exec/obidos/ASIN/0071159525/chopaconline-20</a> |
| 942 ## - ADDED ENTRY ELEMENTS (KOHA) | |
| Institution code [OBSOLETE] | NBS |
| Koha item type | Book |
| Call number prefix | 808.066651 LES |
| Withdrawn status | Lost status | Damaged status | Not for loan | Permanent Location | Current Location | Date acquired | Total Checkouts | Full call number | Barcode | Date last seen | Date last checked out | Price effective from | Koha item type |
|---|---|---|---|---|---|---|---|---|---|---|---|---|---|
| Central Library (CL) | Central Library (CL) | 08/28/2013 | 1 | 808.066651 LES | NBS2820 | 06/11/2015 | 06/11/2015 | 08/28/2013 | Book |
